Field-ion microscopy /
Guardado en:
| Otros Autores: | , |
|---|---|
| Formato: | Libro |
| Idioma: | English |
| Publicado: |
New York :
Plenum Press,
1968.
|
| Materias: | |
| Etiquetas: |
Agregar Etiqueta
Sin Etiquetas, Sea el primero en etiquetar este registro!
|
| LEADER | 00817cam a22002175a 4500 | ||
|---|---|---|---|
| 001 | EIQ.libpla000842 | ||
| 008 | 700914s1968####nyuao####b####001#0#eng#d | ||
| 005 | 20060606180503.0 | ||
| 245 | 0 | 0 | |a Field-ion microscopy / |c edited by John J. Hren and S. Ranganathan. |
| 260 | |a New York : |b Plenum Press, |c 1968. | ||
| 300 | |a xiv, 244 p. : |b il., fotos ; |c 24 cm. | ||
| 500 | |a "Based upon a short lecture course presented March 14-22, 1966 at the University of Florida." | ||
| 504 | |a Incluye referencias bibliográficas e índice. | ||
| 700 | 1 | |a Hren, John J., |e ed. |4 edt | |
| 700 | 1 | |a Ranganathan, Srinivasa, |d 1941-, |e ed. |4 edt | |
| 082 | 0 | 0 | |a 578/.1 |
| 650 | 4 | |a Microscopía |x Teoría. | |
| 650 | 4 | |a Microscopy |x Theory. | |
| 010 | |a 68014853 | ||
| 040 | |a DLC |c DLC |d AR-BbSID | ||
| 859 | |a AR-BbSID |b BIB. PLAPIQUI |h 543.085 |i F 455 |p 1361 | ||
